Running with mother / (Record no. 118294)
[ view plain ]
| 000 -LEADER | |
|---|---|
| fixed length control field | 00828cam a2200289Ia 4500 |
| 001 - CONTROL NUMBER | |
| control field | 10059701 |
| 003 - CONTROL NUMBER IDENTIFIER | |
| control field | ARRUPE |
| 005 - DATE AND TIME OF LATEST TRANSACTION | |
| control field | 20131008173753.0 |
| 008 - FIXED-LENGTH DATA ELEMENTS--GENERAL INFORMATION | |
| fixed length control field | 120911s2012 rh 000 f eng |
| 020 ## - INTERNATIONAL STANDARD BOOK NUMBER | |
| International Standard Book Number | 9781779221872 |
| 020 ## - INTERNATIONAL STANDARD BOOK NUMBER | |
| International Standard Book Number | 1779221878 |
| 024 ## - OTHER STANDARD IDENTIFIER | |
| Standard number or code | 99950906374 |
| 035 ## - SYSTEM CONTROL NUMBER | |
| System control number | (OCoLC)809691065 |
| 035 ## - SYSTEM CONTROL NUMBER | |
| System control number | (OCoLC)ocn809691065 |
| 035 ## - SYSTEM CONTROL NUMBER | |
| System control number | (NNC)10059701 |
| 040 ## - CATALOGING SOURCE | |
| Original cataloging agency | NUI |
| Transcribing agency | NUI |
| Modifying agency | YDXCP |
| -- | CDX |
| 050 #4 - LIBRARY OF CONGRESS CALL NUMBER | |
| Classification number | PR9390.9.M54 |
| Item number | R8 2012 |
| 300 ## - PHYSICAL DESCRIPTION | |
| Dimensions | 22 cm. |
| 100 1# - MAIN ENTRY--PERSONAL NAME | |
| Personal name | Mlalazi, Christopher. |
| 9 (RLIN) | 2311 |
| 245 10 - TITLE STATEMENT | |
| Title | Running with mother / |
| Statement of responsibility, etc | by Christopher Mlalazi. |
| 260 ## - PUBLICATION, DISTRIBUTION, ETC. (IMPRINT) | |
| Place of publication, distribution, etc | Harare : |
| Name of publisher, distributor, etc | Weaver Press, |
| Date of publication, distribution, etc | 2012. |
| 300 ## - PHYSICAL DESCRIPTION | |
| Extent | v, 141 p. ; |
| 650 #0 - SUBJECT ADDED ENTRY--TOPICAL TERM | |
| Topical term or geographic name as entry element | Schoolgirls |
| Geographic subdivision | Zimbabwe |
| Form subdivision | Fiction. |
| 9 (RLIN) | 2312 |
| 650 #0 - SUBJECT ADDED ENTRY--TOPICAL TERM | |
| Topical term or geographic name as entry element | Atrocities |
| Geographic subdivision | Zimbabwe |
| Form subdivision | Fiction. |
| 9 (RLIN) | 2313 |
| 942 ## - ADDED ENTRY ELEMENTS (KOHA) | |
| Source of classification or shelving scheme | Library of Congress Classification |
| Koha item type | Monograph ( Printed materials) |
| 948 1# - LOCAL PROCESSING INFORMATION (OCLC); SERIES PART DESIGNATOR (RLIN) | |
| Series part designator, SPT (RLIN) | 20121207 |
| b (OCLC) | c |
| c (OCLC) | dk2679 |
| d (OCLC) | MPS |
| Withdrawn status | Lost status | Source of classification or shelving scheme | Damaged status | Not for loan | Collection code | Home library | Current library | Shelving location | Date acquired | Total Checkouts | Full call number | Barcode | Date last seen | Date checked out | Price effective from | Koha item type |
|---|---|---|---|---|---|---|---|---|---|---|---|---|---|---|---|---|
| Library of Congress Classification | Main Collection | ARRUPE LIBRARY | ARRUPE LIBRARY | Main Collection | 08/10/2013 | 2 | PR9390.9.M54 R8 2012 | 46410996 | 19/11/2015 | 05/11/2015 | 08/10/2013 | Monograph ( Printed materials) |